00937nam a2200277 a 450000100060000000300080000600500170001400800410003102000200007202000210009203500190011304000260013204100080015808200260016610000590019224500700025125000120032126000680033330000270040149000500042850000510047850000240052965000330055365000230058683000500060978568BD-RjUL20211209083137.0211009r19871984enk b 001 0 eng  a0521258634 (HC) a0521278864 (pbk) a(BD-RjUL)78794 aBD-RjULbengcBD-RjUL aeng 223a547.139bJOP 19871 aJones, Richard A. Y.q(Richard Arnold Yardley),d1936-10aPhysical and mechanistic organic chemistry /cRichard A.Y. Jones. a2nd ed. aCambridge :bCambridge University Press,c1984 [Reprinted 1987] a[10], 426 p. ;c24 cm. aCambridge texts in chemistry and biochemistry aIncludes bibliographical references and index. aPrevious ed.: 1979. 0achemistry, Physical organic  0aChemical reactions 0aCambridge texts in chemistry and biochemistry